00533nam a2200193Ia 450000500170000000800410001702000260005804000190008404100120010308200170011510000200013224500620015226000340021430000100024865000210025865100230027970000270030285000100032920230327092121.0131103s9999 xx 000 0 und d a817046174XcRs.175.00 aLoreto College aEnglish a891.443bDEB aDebi, Mahasweta aTitu MircMahasweta Debi. Translated by Rimi B Chatterjee aCalcuttabSeagull Booksc2003 a121p  aNovel in Bengali aFiction in Bengali aChatterjee, Rimi B.,tr aLCLIB